Climatological tables of observatories in india (Record no. 1282)

MARC details
000 -LEADER
fixed length control field 00536nam a2200169Ia 4500
003 - CONTROL NUMBER IDENTIFIER
control field IN-BaIIA
008 - FIXED-LENGTH DATA ELEMENTS--GENERAL INFORMATION
fixed length control field 211028s9999 xx 000 0 eng d
040 ## - CATALOGING SOURCE
Transcribing agency IIA Library
080 ## - UNIVERSAL DECIMAL CLASSIFICATION NUMBER
Universal Decimal Classification number 083:520.2(540)
Item number SOH
100 ## - MAIN ENTRY--PERSONAL NAME
Personal name Sohoni, V. V
9 (RLIN) 2662
245 #0 - TITLE STATEMENT
Title Climatological tables of observatories in india
Statement of responsibility, etc. V. V. Sohoni
260 ## - PUBLICATION, DISTRIBUTION, ETC.
Place of publication, distribution, etc. Delhi
Name of publisher, distributor, etc. Manager of Publications
Date of publication, distribution, etc. 1953
650 ## - SUBJECT ADDED ENTRY--TOPICAL TERM
Topical term or geographic name entry element Climatology-Tables
9 (RLIN) 2663
650 ## - SUBJECT ADDED ENTRY--TOPICAL TERM
Topical term or geographic name entry element NASA Thesaurus
650 ## - SUBJECT ADDED ENTRY--TOPICAL TERM
Topical term or geographic name entry element Tables-Climatology
9 (RLIN) 2664
942 ## - ADDED ENTRY ELEMENTS (KOHA)
Koha item type Books
Holdings
Withdrawn status Lost status Damaged status Not for loan Home library Current library Shelving location Date acquired Total Checkouts Full call number Barcode Date last seen Price effective from Koha item type
        IIA Library-Bangalore IIA Library-Kodaikanal General Stacks     083:520.2(540)/ SOH 1359 05/11/2021   Books

Powered by Koha